000 01786nam a2200337 i 4500
001 000021389
003 DO-SdBNP
005 20250822075438.0
007 ta
008 100907t1985 dr abc 001 0 spa d
040 _aDO-SdBNP
_bspa
_cBNPHU
_erda
041 _asp
049 _aBNPD
082 4 _a972.93053
_bG861e 1985
_222
100 1 _aGrimaldi, Víctor,
_d1949-
_eautor
_91699
245 1 4 _aLos Estados Unidos en el derrocamiento de Trujillo /
_cVíctor Grimaldi.
250 _aSegunda edición
264 _aSanto Domingo :
_bAmigo del Hogar,
_c1985.
300 _a127 páginas :
_bilustraciones mapas., retratos. ;
_c21 cm.
336 _ardacontent
_btexto
_2txt
337 _ardamedia
_bsin mediación
_2n
338 _ardacarrier
_bvolumen
_2nc
505 0 _aPresentación
_tQuisieron perpetuar la tiranía en 1959 --
_tMientras tanto, ¿Qué pasó con Batista? --
_t... Y en 1960 le ofrecieron dólares al Jefe para que abandonara el poder por las buenas --
_t..Y como el Jefe rechazó el US$ Fondo de Eisenhower, la CIA se metió en el complot --
_t... Y continuaron interviniendo en la vida dominicana --
_t14 Años antes, en 1947 los Estados Unidos abortaron la invasión de Cayo Confites --
_gAnexo :
_t(Parte D del informe, del Comité del Senado de Estados Unidos que investigó los planes de asesinato de líderes extranjeros en 1975).
590 _aInventariado, 2023/BT
600 1 0 _aTrujillo Molina, Rafael Leónidas,
_d 1891-1961
_976764
651 4 _aEstados Unidos
_xRelaciones exteriores
_zRepública Dominicana
_96309
651 4 _aRepública Dominicana
_xRelaciones exteriores
_zEstados Unidos
_96308
651 4 _aRepública Dominicana
_xPolítica y gobierno
_yEra de Trujillo, 1930-1961
_91374
910 _aValidado. Control de calidad EMS.
942 _2ddc
_cLBS1
999 _c20889
_d20889